| 000 | 00873nam a22002297a 4500 | ||
|---|---|---|---|
| 999 |
_c6442 _d6442 |
||
| 003 | AR-CdUCM | ||
| 008 | 190315b ||||| |||| 00| 0 spa d | ||
| 020 | _a978-1-4031-4472-0 | ||
| 040 |
_aMUNICIPALIDAD PROVINCIAL DEL CUSCO _cBIBLIOTECA MUNICIPAL DEL CUSCO |
||
| 041 | _heng | ||
| 082 |
_a080 / _bH85 |
||
| 100 |
_aHubbard, Ronal L. _918228 |
||
| 245 |
_aDianética La evolución de una ciencia / _bLa evolución de una ciencia / |
||
| 260 |
_aCalifornia : _bBridge publications, _c2007. |
||
| 300 |
_a213 paginas ; _bIlustraciones, _c24.5 cm. |
||
| 505 | _aLa maquina computadora optima -- La construcción de una ciencia de la mente -- Los demonios de la mente -- La personalidad básica -- Como funciona la mente ... | ||
| 650 |
_aconsciencia _918280 |
||
| 650 |
_aMentalidad humana _918284 |
||
| 650 |
_aPersonalidad _9925 |
||
| 942 |
_2ddc _cLIBROS |
||
| 945 | _aacv | ||